000 01193nam a2200289 i 4500
001 bg
245 0 0 _aWspółczesne problemy i koncepcje teoretyczne badań przestrzenno-ekonomicznych =
_bContemporary problems and theoretical conceptions in spatial-economic research /
_cpod red. Teresy Czyż, Henryka Rogackiego.
260 _aWarszawa :
_bKPZK PAN,
_c2005.
300 _a220, [4] s. :
_bil. ;
_c21 cm.
490 1 _aBiuletyn / Polska Akademia Nauk. Komitet Przestrzennego Zagospodarowania Kraju,
_x0079-3493 ;
_vz.219
500 _aStreszcz. ang. przy art.
504 _aBibliogr. przy art.
650 9 _aPlanowanie przestrzenne
_xbadanie
_xmetody
650 9 _aRegionalizacja gospodarcza
_xbadanie
_xmetody
650 9 _aGospodarka terenowa
_xbadanie
_xmetody
650 9 _aUrbanistyka
_xzagadnienia
_zPolska
700 1 _aCZYŻ, Teresa.
_eRed.
700 1 _aROGACKI, Henryk.
_eRed.
830 0 _aBiuletyn (Polska Akademia Nauk. Komitet Przestrzennego Zagospodarowania Kraju) ;
_vz.219
020 _a8389693453
040 _cBPK
041 0 _apol
_beng
080 _a332.1:711](438)"1989/..."
920 _a83-89693-45-3
942 _cKS
008 s pl f |000 0 pol
999 _c46306
_d46306
856 _uhttp://koha.tu.koszalin.pl/cgi-bin/koha/opac-detail.pl?biblionumber=46306
_yKatalog online BPK